| 000 | 00745nam a2200289Ia 4500 | ||
|---|---|---|---|
| 008 | 171025s9999 xx 000 0 und d | ||
| 020 | _a9781583409268 | ||
| 050 | _a620.11 | ||
| 050 | _bB154 2006 | ||
| 100 | _aBailey, Jacqui | ||
| 245 | _aHow do we use materials / | ||
| 245 | _cby Jacqui Bailey. | ||
| 260 | _aLondon : | ||
| 260 | _bSmart apple media, | ||
| 260 | _c2006 | ||
| 300 | _a30 pages : | ||
| 300 | _billustrations ; | ||
| 440 | _aInvestigating science. | ||
| 650 | _aMaterials -- | ||
| 650 | _aMaterials -- | ||
| 650 | _aMaterials science -- | ||
| 650 | _xExperiments -- Juvenile literature. | ||
| 650 | _xJuvenile literature. | ||
| 650 | _xJuvenile literature. | ||
| 700 | _aSeries. | ||
| 700 | _aTitle. | ||
| 999 |
_c344796 _d344796 |
||